000 01252nac a22003491i 4500
003 EG-ScBUE
005 20240926145101.0
008 240926t2005 njua f 001 0 eng d
020 _a0130488186
020 _a9780130488183
040 _aEG-ScBUE
_beng
_erda
_cEG-ScBUE
_dEG-ScBUE
082 0 4 _a515
_bEWE
_222
100 1 _aEwen, Dale,
_eauthor.
245 1 0 _aTechnical calculus /
_cDale Ewen, Parkland Community College, Joan S. Gary, Parkland Community College, James E. Trefzger, Parkland Community College.
250 _aFifth edition.
264 1 _aUpper Saddle River, N.J. :
_bPearson/Prentice Hall,
_c[2005]
264 4 _cc2005
300 _axi, 660 pages :
_billustrations ;
_c26 cm +
_e1 CD
336 _2rdacontent
_atext
_btxt
336 _2rdacontent
_asounds
_bsnd
337 _aunmediated
_2rdamedia
_bn
337 _aaudio
_2rdamedia
_bs
338 _avolume
_bnc
_2rdacarrier
338 _acomputer disc
_bcd
_2rdacarrier
500 _aIncludes index.
650 7 _aCalculus
_vTextbooks.
_2BUEsh
655 _vReading book
700 1 _aGary, Joan S.,
_eauthor.
700 1 _aTrefzger, James E.,
_eauthor.
856 4 1 _3Table of contents
_uhttp://www.loc.gov/catdir/toc/ecip0415/2004003377.html
942 _cBB
_2ddc
999 _c1246
_d1246